Welcome to the Holygrace Academy Library

Please use search bar below to get started

MAHASHWETA (Record no. 6819)

MARC details
000 -LEADER
fixed length control field 00598nam a22001457a 4500
020 ## - INTERNATIONAL STANDARD BOOK NUMBER
ISBN 978-0-143-10329-5
082 ## - DEWEY DECIMAL CLASSIFICATION NUMBER
Classification number 823
Item number MUR/M
100 ## - MAIN ENTRY--AUTHOR NAME
Personal name MURTHY, SUDHA
245 ## - TITLE STATEMENT
Title MAHASHWETA
260 ## - PUBLICATION, DISTRIBUTION, ETC. (IMPRINT)
Place of publication NEW DELHI
Name of publisher PENGUIN BOOKS
Year of publication 2007
300 ## - PHYSICAL DESCRIPTION
Number of Pages 154
520 ## - SUMMARY, ETC.
Summary, etc Mahashweta, by Sudha Murthy, is one such book. It is a simple story of a simple girl with simple aspirations, who wants to lead a simple life. Her name is Anupama. She finds fairy tale love and gets married, only to find her dreams shattered to pieces, when she discovers that she has leukoderma.
650 ## - SUBJECT ADDED ENTRY--TOPICAL TERM
Topical Term SHORT STORY
942 ## - ADDED ENTRY ELEMENTS (KOHA)
Koha item type Books
Holdings
Withdrawn status Lost status Collection code Home library Current library Shelving location Date acquired Source of acquisition Cost, normal purchase price Full call number Accession Number Koha item type
    Fiction Main Library Main Library NEW SHELF WITH NEW ENTRY 27/09/2023 Purchase 250.00 823 MUR/M 12921 Books